000 00607nam a2200229Ia 4500
003 OSt
005 20221007064954.0
006 a|||||r|||| 00| 0
007 ta
008 221006b |||||||| |||| 00| 0 eng d
024 _a12,276
037 _cTextual
040 _aFLL
_cFLL
_beng
041 _2eng
_aeng
082 _aV2:51.N, F9
100 _aSunderland J.T.
245 0 _aIndian in bondage
_b her right to freedom
260 _aDelhi
_bRamanand & Sons India
_c1929
300 _a406p
_ccm.
942 _hV2:51.N, F9
_cTEXL
_2CC
999 _c1135915
_d1135915